Which airport is it? - Statistics

General Stats
  • This quiz has been taken 108 times
  • The average score is 11 of 16
Answer Stats
Question Answer % Correct
Is located in China. Beijing International
100%
Is one of the busiest airports in Europe. London-Heathrow
90%
Has the 3 letter code: TGU Tegucigalpa airport
86%
Is NOT served by Emirates airlines Kraków-Balice airport
81%
Is located in South America. Quito intl. Airport
81%
What letter do all 4 letter airport codes in Canada begin with? Y
81%
Is NOT served by Icelandair Cairo
76%
Which airport has the 3 letter code: FAT Fresno airport
76%
The airport was amongst the top 10 busiest cargo airports in 2020. Anchorage Intl. Airport
71%
Which of these airports is located in England? Leeds-Bradford Airport
71%
What is the national prefix for all US airports? K
62%
What airport has the 4 letter code: WSSS Singapore Intl. Airport
62%
Which of these has more than 1 runway? Manchester Intl.
57%
Is one of Wizzair destinations. Madrid-Barajas Intl. Airport
48%
Airport in which city is not named after a person? Manchester (UK)
48%
Named after Henri Coanda Bucharest Intl. (OTP)
38%
No matching quizzes found
Score Distribution
Percent of People with Each Score
Percentile by Number Answered
Your Score History
You have not taken this quiz